| 000 | 00702nam a2200253Ia 4500 | ||
|---|---|---|---|
| 003 | OSt | ||
| 005 | 20220924123746.0 | ||
| 006 | a|||||r|||| 00| 0 | ||
| 007 | ta | ||
| 008 | 220923b |||||||| |||| 00| 0 hin d | ||
| 020 | _a9788190672009 (hbk) | ||
| 024 | _a239149 | ||
| 037 | _cTextual | ||
| 040 |
_aARTS _cARTS _bhin |
||
| 041 |
_2hin _ahin |
||
| 082 | _aQ3:33wC40, 152[P9] | ||
| 100 |
_aSagar Vikarsh _9193732 |
||
| 245 | 0 |
_aVanraj se jinraj _b Thirthankar vardhman |
|
| 260 |
_aNew Delhi _b Kundkund Bharti Trust India _c2009 |
||
| 300 |
_a161p. _ccm. |
||
| 650 | _aRELIGION | ||
| 942 |
_hQ3:33wC40, 152[P9] _cTEXL _2CC |
||
| 999 |
_c416990 _d416990 |
||